000 00325nam a2200145Ia 4500
100 _aWrangham/ D.A.
650 _aAutomobiles
942 _cBK
654 _aHeat engines
245 _aTheory & Practice of heat engines
260 _bCambridge
_aLondon
_c1956
082 _a621.4025
_bWRA
546 _aENGLISH
999 _c34636
_d34636